<?xml version="1.0" encoding="UTF-8"?>
<marc:record xmlns:marc="http://www.loc.gov/MARC21/slim">
   <marc:leader>00000nam a2200000 a 4500</marc:leader>
   <marc:datafield ind1="1" ind2=" " tag="100">
      <marc:subfield code="a">Eck, Rüdiger F.-J. K.</marc:subfield>
      <marc:subfield code="4">aut</marc:subfield>
      <marc:subfield code="e">Verfasser/-in</marc:subfield>
   </marc:datafield>
   <marc:datafield ind1=" " ind2=" " tag="653">
      <marc:subfield code="a">Tennis</marc:subfield>
   </marc:datafield>
   <marc:datafield ind1=" " ind2=" " tag="653">
      <marc:subfield code="a">Mentales Training</marc:subfield>
   </marc:datafield>
   <marc:datafield ind1=" " ind2=" " tag="653">
      <marc:subfield code="a">Softcover / Ratgeber/Sport/Ballsport</marc:subfield>
   </marc:datafield>
   <marc:datafield ind1="0" ind2="0" tag="245">
      <marc:subfield code="a">Tennis ist Kopfsache</marc:subfield>
   </marc:datafield>
   <marc:datafield ind1="0" ind2="0" tag="245">
      <marc:subfield code="b">Koordination und mentale Stärke</marc:subfield>
   </marc:datafield>
   <marc:datafield ind1="0" ind2="0" tag="245">
      <marc:subfield code="c">R. F.-J. K. Eck</marc:subfield>
   </marc:datafield>
   <marc:datafield ind1=" " ind2="1" tag="264">
      <marc:subfield code="a">Norderstedt</marc:subfield>
      <marc:subfield code="b">Books on Demand GmbH</marc:subfield>
      <marc:subfield code="c">2011</marc:subfield>
   </marc:datafield>
   <marc:datafield ind1="1" ind2=" " tag="520">
      <marc:subfield code="a">Angaben aus der Verlagsmeldung

Tennis ist Kopfsache : Koordination und Mentale Stärke / von R. F.-J. K. Eck

Tennis ist ein mental anspruchsvoller Sport. Schon Boris Becker sagte einmal: „Das Match wird zwischen den Ohren gewonnen“.Dieses Handbuch führt euch systematisch in das Mentaltraining für Tennis ein. Schritt für Schritt werden die einzelnen Bausteine des erfolgreichen SHT-Mentaltrainings aufgezeigt. Einfache praktische Übungen und Tricks, in Bild und Schrift, nachvollziehbar erklärt.Ihr lernt, wie ihr Motivation, Spielstärke, Konzentration und Kampfeslust gezielt abrufen, Nervosität, Phobien, Ängste und Störungen in den Griff bekommt und vorteilhaft für euch nutzen könnt.Dieses Buch vermittelt nicht nur dem Leistungssportler, sondern auch dem Freizeitspieler, das nötige Rüstzeug, seine gesteckten Ziele zu erreichen.
</marc:subfield>
   </marc:datafield>
   <marc:datafield ind1=" " ind2=" " tag="020">
      <marc:subfield code="a">9783839189351</marc:subfield>
      <marc:subfield code="9">9783839189351</marc:subfield>
   </marc:datafield>
   <marc:datafield ind1=" " ind2=" " tag="020">
      <marc:subfield code="a">3839189357</marc:subfield>
      <marc:subfield code="9">3839189357</marc:subfield>
   </marc:datafield>
   <marc:datafield ind1=" " ind2=" " tag="041">
      <marc:subfield code="a">ger</marc:subfield>
   </marc:datafield>
   <marc:datafield ind1=" " ind2=" " tag="300">
      <marc:subfield code="a">160 S.</marc:subfield>
   </marc:datafield>
</marc:record>
